000 00367nam a2200133Ia 4500
008 231129s1979||||xx |||||||||||||| ||spa||
020 _a0-13-502575-3
082 _a658.4034 M894i
100 _aMoskowitz Herbert.
245 0 _aInvestigación de Operaciones
260 _c1979
264 _aMadrid : Dossat.
942 _2ddc
_cBKS
999 _c15997
_d15997